000 00864nac a22002417a 4500
001 BR4200069
003 BR-BrBNA
005 20240105112825.0
008 230509b bl.|||m| |||| 00| 0 por d
040 _aBR-BrBNA
_bpor
_cBiblioteca Nacional de Agricultura
072 _aE15; E50
090 _aE15 BR4200069
110 1 _aSecretaria da Agricultura, Industria e Comercio, Salvador, BA (Brasil). Depto. de Assistencia ao Cooperativismo
_98420
245 1 _aIniciacao cooperativista [Brasil]
260 3 _aSalvador, BA (Brasil):
_cJun 1942.
300 _a91 p.
490 _aBoletim - Secretaria da Agricultura, Industria e Comercio. Depto. de Assistencia ao Cooperativismo (Brazil)
_vno. 5
_x
650 _aMicroeconomia
650 _aSociologia rural
650 _aCooperativa
909 _a202312
_bLúcia Elande
_c55
_dLúcia Elande
942 _2AGRIS
_n0
_cMS
999 _c260468
_d260468